| 000 | 00604nam a22002177a 4500 | ||
|---|---|---|---|
| 005 | 20170130101436.0 | ||
| 008 | 170130b xxu||||| |||| 00| 0 spa d | ||
| 020 | _a9789588728001 | ||
| 040 |
_aCO-BoIAVH _cCO-BoIAVH |
||
| 041 | _aspa | ||
| 044 | _ack | ||
| 090 |
_aI-ML _b01 |
||
| 100 | 1 | _aGalvis, Mario Ignacio | |
| 245 | 1 | _aEl tránsito y sus normas | |
| 260 |
_aBogotá: _bMundo Litografico, _c2011. |
||
| 300 |
_a96 paginas. _c21 x 16 cm |
||
| 650 | 1 | 4 | _aNormas de transito |
| 650 | 1 | 4 | _aNormas de comportamiento |
| 650 | 1 | 4 | _aSanciones multas |
| 942 |
_2z _cLIBRO |
||
| 999 |
_c19248 _d19248 |
||